000 004260000a22001690004500
003 LK-CoMWRAF
008 230817t ||||| |||| 00| 0 eng d
040 _aLK-CoMWRAF
_dLK-CoMWRAF
_eLK-CoMWRAF
041 _aeng
082 _a480
_bMAS
245 _aMass media and people's media
_b3rd IUPIP Academic Year
260 _aRoverto
_bIUPIP
_c1995
300 _ap.p.v.
490 _aDossier 2
650 _aMass media
942 _cBK
999 _c281
_d281